MARC

LEADER 00000nam0a2200000 4500
001 273404
005 20231101234627.0
020 |a RU  |b 87-32743 
035 |a (RuTPU)RU\TPU\book\296613 
090 |a 273404 
100 |a 20141025d1987 k y0rusy5003 ca 
101 0 |a rus 
102 |a LV 
105 |a y z 101zy 
200 1 |a Тринадцатая конференция молодых научных работников Института неорганической химии  |e тезисы докладов  |f Академия наук Латвийской ССР (АН ЛатССР), Институт неорганической химии (ИНХ) ; под ред. Я. К. Вайвада 
210 |a Рига  |c Изд-во ИНХ  |d 1987 
215 |a 78 с.  |c граф. 
320 |a Библиогр. в конце ст. 
606 1 |a Неорганическая химия  |2 stltpush  |3 (RuTPU)RU\TPU\subj\67586  |9 83311 
610 1 |a химия 
610 1 |a тугоплавкие соединения 
610 1 |a коррозия металлов 
610 1 |a защита 
610 1 |a концентрирование 
610 1 |a химия твёрдого тела 
675 |a 546(063)  |z rus  |v 3 
702 1 |a Вайвад  |b Я. К.  |4 340 
712 0 2 |a Академия наук Латвийской ССР (АН ЛатССР)  |b Институт неорганической химии (ИНХ)  |2 stltpush  |3 (RuTPU)RU\TPU\col\8028 
712 1 2 |a Конференция молодых научных работников института неорганической химии  |c конференция  |d 13  |e Рига  |f 1987 
801 0 |a RU  |b RuMRKP  |c 19950417  |g psbo 
801 1 |a RU  |b 63413507  |c 20141025 
801 2 |a RU  |b 63413507  |c 20170112  |g RCR 
942 |c BK